000 00687cam a22002293a 4500
001 17632
003 PGUSA
005 20140828083357.0
008 060129s2006||||xxu|||||s|||||000 | eng d
040 _aPGUSA
_beng
042 _adc
050 4 _aNA
100 1 _aMerlet, Luc.
_q(Lucien),
_d1827-1898
245 1 0 _aCompte de L'Oeuvre de la Cathédrale de Chartres en 1415-1416
_h[electronic resource] /
_cLuc. Merlet
260 _bProject Gutenberg,
_c2006
506 _aPublic domain in the USA.
516 _aElectronic text
653 _aCathédrale de Chartres -- History
830 0 _aProject Gutenberg
_v17632
856 4 0 _uhttp://www.gutenberg.org/ebooks/17632
942 _cEB
999 _c246887
_d246887